| 000 | 00572nam a2200241Ia 4500 | ||
|---|---|---|---|
| 003 | OSt | ||
| 005 | 20260218101217.0 | ||
| 008 | 210210b xxu||||| |||| 00| 0 eng d | ||
| 040 | _cAL | ||
| 041 | _aeng | ||
| 082 | _a425/157 | ||
| 100 |
_aJohnson _9255533 |
||
| 245 | _aLetter writer for gentlemen | ||
| 260 |
_aLondon _bWard Lock & Co Ltd., |
||
| 650 |
_awriter _9255534 |
||
| 650 |
_aLetter _9255535 |
||
| 650 |
_agentlemen _9255536 |
||
| 650 |
_afor _9255537 |
||
| 690 |
_aJournalism _9255538 |
||
| 700 |
_aHarris _9255539 |
||
| 906 | _a005933 | ||
| 942 |
_2ddc _cBK |
||
| 999 |
_c128950 _d128950 |
||